Best NBA Players In Every Era - Statistics

General Stats
  • This quiz has been taken 132 times
  • The average score is 7 of 9
Answer Stats
Era Player % Correct
2010s Lebron James
97%
90s Michael Jordan
96%
2000s Kobe Bryant
91%
80s Magic Johnson
89%
60s Wilt Chamberlain
87%
70s Kareem Abdul-Jabbar
82%
2020s Stephen Curry
71%
50s George Mikan
54%
2030s Jayson Tatum
15%
No matching quizzes found
Score Distribution
Percent of People with Each Score
Percentile by Number Answered
Your Score History
You have not taken this quiz